Представление документа в формате RUSMARC

ПолеНазваниеЗначение
  Тип записи a
  Библиографический уровень m
001 Контрольный номер RU/IS/BASE/273831923
005 Дата корректировки 20201206204606.3
010 Индекс ISBN __
a ISBN 978-5-98879-072-3
d Цена 939-95
101 Язык документа __
a Язык текста rus
c Язык оригинала rus
200 Заглавие и сведения об ответственности __
a Заглавие Биотехнология
e Сведения, относящиеся к заглавию учеб. для студентов вузов, обучающихся по с/х, естественнонауч., пед. специальностям имагистр. программам
f Первые сведения об ответственности [Игорь Владимирович Тихонов и др.] ; под ред. акад РАСХН Е. С. Воронина
b Общее обозначение материала Текст
210 Выходные данные __
a Место издания СПб.
c Издательство ГИОРД
d Дата издания 2008
215 Физическое описание __
a Объем 703, [1] с.
320 Библиография __
a Библиография Список лит.: с. 686-699 (258 назв.)
330 Аннотация __
a Аннотация Предусматривается изучение таких разделов, как биосистемы, объекты и методы биотехнологии; субстраты и продукты биотехнологических систем; генетически модифицированные клетки и организмы; технологические стадии производства биопрепаратов; автоматизированный контроль и управление биотехнологическими процессами; санитарные и экологические требования к производству биопрепаратов и др.
606 Тематические рубрики __
a Основная рубрика Техника
606 Тематические рубрики __
a Основная рубрика Техническая биология
606 Тематические рубрики __
a Основная рубрика Биология
606 Тематические рубрики __
a Основная рубрика Общие вопросы биологии
610 Ключевые слова __
a Ключевые слова биотехнологии; история биотехнологии; биосистемы; ветеринария; генная инженерия; субстраты; биотехнологические системы; ветеринарные препараты; посевные материалы; питательные среды; микроорганизмы; очистка воздуха; стерилизация воздуха; культивирование микроорганизмов; культивирование клеток животных; культивирование клеток; культивирование клеток вирусов; биопрепараты; производство биопрепаратов; противобактериальные вакцины; диагностикумы; противовирусные вакцины; молекулярные вакцины; химические вакцины; лечебно-профилактичесие сыворотки; диагностические сыворотки; иммуноглобулины; пробиотики; производство пробиотиков; производство антибиотиков; антибиотики; ферментные препараты; технологии приготовления; приготовление ферментных препаратов; производство витаминов; витамины; технологии производства витаминов; биотехнологические процессы; консервирование биопрепаратов; биопрепараты; хранение биопрепаратов; санитарные требования; этикетирование биопрепаратов; упаковка биопрепаратов; эколгические требования; контроль качества; сертификация биопрепаратов; экономические процессы; стратегическое планирование; бизнес-планирование; клетки (биология)
686 Индексы других классификаций __
a Классификационный индекс 30.16я73
686 Индексы других классификаций __
a Классификационный индекс 28.0я73
702 Вторичная интеллектуальная ответственность _1
a Фамилия Тихонов
b Имя И. В.
4 Код отношения Автор
g Полное личное имя Игорь Владмирович
4 Код отношения 070
4 Код отношения 340
702 Вторичная интеллектуальная ответственность _1
a Фамилия Рубан
b Имя Е. А.
4 Код отношения Автор
g Полное личное имя Евгений Александрович
4 Код отношения 070
702 Вторичная интеллектуальная ответственность _1
a Фамилия Грязнева
b Имя Т. Н.
4 Код отношения Автор
g Полное личное имя Татьяна Николаевна
4 Код отношения 070
702 Вторичная интеллектуальная ответственность _1
a Фамилия Самуйленко
b Имя А. Я.
4 Код отношения Автор
g Полное личное имя Анатолий Яковлевич
4 Код отношения 070
702 Вторичная интеллектуальная ответственность _1
a Фамилия Гаврилов
b Имя В. А.
4 Код отношения Автор
g Полное личное имя Владимир Андреевич
4 Код отношения 070
801 Источник записи _0
a Страна RU
b Организация Муниципальное бюджетное учреждение культуры "Централизованная библиотечная система" г. Сургут (Центральная городская библиотека им. А. С. Пушкина)
g Правила каталогизации КиК/Поспелова
801 Источник записи _1
a Страна RU
b Организация Муниципальное бюджетное учреждение культуры "Централизованная библиотечная система" г. Сургут (Центральная городская библиотека им. А. С. Пушкина)
g Правила каталогизации КиК/Поспелова
852 Данные о местонахождении __
j Шифр хранения 30.16я73
c Каталожный индекс 30.16я73; 28.0я73
i Авторский знак Б 63
901 Тип документа __
t Тип документа m
903 Характеристики (МАРС) __
a Дата передачи 20080908
969 Тип издания __
a Тип издания учебник
990 Данные о заказе (DOS) __
j Количество экземпляров (DOS) 2
t N записи в КСУ для И/У (DOS) 200809